Επιτυχημένες συσκέψεις: σε μία εβδομάδα!

Αποθηκεύτηκε σε:
Λεπτομέρειες βιβλιογραφικής εγγραφής
Κύριος συγγραφέας: Payne, John, 1942-
Άλλοι συγγραφείς: Payne, Shirley, Ταουσάνης, Βαγγέλης (Μεταφραστής)
Μορφή: Βιβλίο
Γλώσσα:Greek
English
Δημοσίευση: Αθήνα : Anubis, c1994.
Θέματα:
Ετικέτες: Προσθήκη ετικέτας
Δεν υπάρχουν, Καταχωρήστε ετικέτα πρώτοι!

MARC

LEADER 00000cam a2200000 i 4500
001 1/100068
008 000128s1994 gr | ||| |||| ||gre||
020 |a 9603061220 
035 |l 10057133 
040 |a GR-MyUA  |b gre  |e AACR2 
041 1 |a gre  |h eng 
082 0 |a 658.456 
100 1 |a Payne, John,   |d 1942- 
245 1 0 |a Επιτυχημένες συσκέψεις:   |b σε μία εβδομάδα! /   |c John & Shirley Payne ; μετάφραση Βαγγέλης Ταουσάνης.  
260 |a Αθήνα :   |b Anubis,   |c c1994.  
300 |a 96 σ.  
500 |a Τίτλος πρωτοτύπου: Successful meetings.  
650 0 0 |a Business communication. 
650 0 0 |a Business presentations. 
650 0 0 |a Meetings. 
700 1 |a Payne, Shirley. 
700 1 |a Ταουσάνης, Βαγγέλης,  |e trl 
852 |a INST  |b CHIOS  |e 20000128  |h 658.456 PAY  |p 005200019104  |q 005200019104  |t BK  |y 0 
901 |a BIBL2-2000-1 
909 |a Χ  |b 072368 
922 |a 2ΕΛΗ  |b 199912  |c ΒΑΛΙΡΗΣ  |d EMVASIS 
950 |a 162/1995-10-24 
970 |a ΣΑΛΑΜΟΥΡΑ  |b ΜΑΡΙΑ  |z 2000/01/31